Statistiche per Cognomi più diffusi in Sardegna

Clicka qui per fare il quiz!

Statistiche generali

  • Questo quiz è stato fatto 5 volte
  • Il punteggio medio è 5 su 10

Statistiche sulle risposte

Cognome% Corretto
Lai
75%
Melis
75%
Piras
75%
Sanna
75%
Manca
50%
Meloni
50%
Pinna
50%
Carta
25%
Mura
25%
Serra
25%

Distribuzione punteggi

Percentile per numero di risposta

Percentuale di utenti per punteggio

I tuoi punteggi nel tempo

Non hai fatto questo quiz